Quizzes
Events
Quiz Creation
Community
Videos
Private Events
Remove Ads
Sign In
Join for FREE
Feedback
Dark Mode
Quiz Categories
Sports
Geography
Music
Movies
Television
Just For Fun
Miscellaneous
History
Literature
Language
Science
Gaming
Entertainment
Religion
Holiday
For Kids
Quiz Lab
Recent
Popular Today
Quiz Kudos Today
Editor Picks
Curator Picks
Quizzes by...
Day
Popularity
Type
Ratings
Length
Year
Community
Subscriptions
Recent Discussions
Orange Saloon
Badges
Playlists
Quests
Create
Leaderboards
Showdown
Live 5
Trivia Bingo
Activity
Puzzle Library
Sporcle Events
Private Events
Virtual Trivia
Globe League
Become a Host
Pub Owners
SporcleCon
Opinionation
Our Games
Videos
Blog
Mobile Apps
Partnerships
Remove Ads and Go Orange
Feedback
Sports
Athletes
MLB
NBA
NHL
NFL
Soccer
Sports Teams
WWE
NCAA
Football
Premier League
Basketball
Baseball
Hockey
Golf
Tennis
Cricket
Rugby
Auto Racing
Olympics
World Cup
Sports
Athletes
MLB
NBA
NHL
NFL
Soccer
Sports Teams
WWE
NCAA
Football
Premier League
Basketball
Baseball
Hockey
Golf
Tennis
Cricket
Rugby
Auto Racing
Olympics
World Cup
Random Quiz
Search Sporcle
×
Quiz Lab
Quiz Lab
Sports
Baseball
Select answers by clicking on text or image buttons
Select answers by clicking on text or image buttons
Clickable
Best Score? Go Orange.
Funny Minor League Baseball Team Names Stats
Can you pick the Funny Minor League Baseball Team Names
By
littlemerk25
5m
20 Questions
78 Plays
78 Plays
78 Plays
Comments
Comments
Give Quiz Kudos
Give Quiz Kudos
-
- Ratings
hide this ad
Forced Order
Answers have to be entered in order
Answers have to be entered in order
Random Order
Randomize order of answers
Randomize order of answers
Replay
Link that replays current quiz
Next Quiz
Link to next quiz in quiz playlist
You Got
0%
They Got
Avg Score
60%
Avg Friend Score
Upgrade to see
Score Distribution
Jump to the score distribution portion of the page
Score
0/20
Timer
05:00
0
Plays Today
% Correct
IronPigs
78.2%
Lookouts
78.2%
Mud Hens
78.2%
Lugnuts
76.9%
Flying Sqirrels
67.9%
Sand Gnats
64.1%
Lake Monsters
64.1%
Biscuits
61.5%
Aquasox
61.5%
Hot Rods
61.5%
% Correct
Kernels
57.7%
TinCaps
56.4%
Snappers
55.1%
Nuts
55.1%
Intimidators
53.8%
LumberKings
53.8%
Crawdads
52.6%
Manatees
51.3%
Flying Tigers
39.7%
Stone Crabs
39.7%
Quiz Playlist
Details
Report
Send in Message
Add To Playlist
Clickable:
Select answers by clicking on text or image buttons
Forced Order:
Answers have to be entered in order
Random Order:
Randomize order of answers
Last Updated: Feb 16, 2017
Quiz Scoreboard
CHALLENGE
Sign Up to Join the Scoreboard
Show All
Scores
Hide
Comments
May contain spoilers
Recently Published
Click the 1999 NBA Draft
by nibperrychub
Sports
2m
Alphabetical 'K' Countries by Flag Minefield
by ylime102
Geography
3m
Pick 6: Fruits
by JohnFran
Miscellaneous
15s
More to Explore
Quiz From the Vault
Featured Blog Post
15 Basketball Trivia Facts You Can Be March Mad About
hide this ad
You Might Also Like...
Tags
Baseball Quiz
Clickable Quiz
Funny
League
minor
team
Team Names
Today's Top Quizzes in Sports
Browse Sports
hide this ad
Today's Top Quizzes in Baseball
Browse Baseball
Top Contributed Quizzes in Sports
1
Les joueurs à 100 buts en Ligue 1 Uber Eats
2
Pick 6: NFL Teams
3
2022 World Cup Stars
4
MLB 2 truths and a lie: Hall of Fame pitchers
5
Millionaire: NBA Finals Edition
6
Pick 6: Minor League Baseball
7
Criteria MLB: Left Handed Sluggers
8
Click the 1998 NBA Draft
9
Pick 6: Olympics
10
Don't Strike Out: 3000 Strikeouts
Explore More
Trending Topics
Kpop
NBA
Marvel
Harry Potter
Crossword
Disney
Anime
Song
Country
Puzzle
Soccer
WWE
The Office
Pokémon
NFL
hide this ad
More By:
littlemerk25
Quiz
Plays
Rating
Category
Featured
Created
Baseball Nicknames
120
3.00
Sports
Aug 28, 2013
Name the Nicknames of Multiple Big 4 Team Cities
83
1.40
Sports
Aug 26, 2013
Funny Minor League Baseball Team Names
78
Sports
Feb 1, 2014
Big 4 Teams a Mile or Less Away From Another Big 4
61
1.33
Sports
Aug 26, 2013
Go to Creator's Profile
Score Distribution
Quiz Creator Spotlight
littlemerk25
Follow
Send a Message
Quizzes Created
-
Created Quiz Play Count
-
More By This Creator
Popular Quizzes Today
1
Countries of Asia Without Outlines Minefield
2
Find the US States - No Outlines Minefield
3
Pick 6: Fruits
4
Alphabetical 'K' Countries by Flag Minefield
5
The Countries of the World
6
Find the Countries of Europe - No Outlines Minefield
7
Find the US States
8
US States
More Sports Quizzes
Sports Logos Close-Up
Published
Trending Quizzes
Pick 6: Mountains
Pick 6: Harry Potter
Pick 6: Flags
Pick 6: NFL Teams
Pick 6: Movie Franchises
Recently Updated
NWSL Teams
pecheneg
Women's Final Four Teams by Year
bhenderson79
Presidents Quartet II
eogle
Anything But Clue(do)
eogle
Anything But Oceanian Capitals
eogle
Anything But 7
eogle
Anything But Thing
eogle
Word Ladder: February 29
pecheneg
Song Title Questions
pecheneg
Women's NCAA Tournament #1 Seeds
pecheneg
Trending Topics
Disney
Harry Potter
Marvel
Kpop
Crossword
NBA
Anime
NFL
Puzzle
WWE
Country
The Office
Song
Pokémon
Soccer
Your Account Isn't Verified!
In order to create a playlist on Sporcle, you need to verify the email address you used during registration. Go to your
Sporcle Settings
to finish the process.
Report this User
Report this user for behavior that violates our
Community Guidelines
.
Details:
Send Report
Go to the Sporcle.com Mobile Site →
Comments